GUESS THAT CONAN GRAY SONG (no hints vol. 6) - Statistics

General Stats
  • This quiz has been taken 53 times
  • The average score is 166 of 259
Answer Stats
Answer % Correct
I
100%
you
97%
You
97%
me
94%
we
91%
the
88%
my
84%
can
81%
in
81%
your
81%
Your
81%
love
78%
that
78%
all
75%
And
75%
and
75%
it
75%
It
75%
of
75%
on
75%
is
72%
so
72%
to
72%
we're
72%
when
69%
back
66%
(one,
66%
one
66%
two)
66%
You're
66%
you're
66%
But
63%
but
63%
caramel
63%
it's
63%
memory
63%
mind
63%
moment
63%
no
63%
think
63%
time
63%
Well
63%
well
63%
as
59%
can't
59%
Did
59%
kind
59%
see
59%
weren't
59%
burn
56%
inside
56%
know
56%
miss
56%
sweet
56%
Sweet
56%
they
56%
was
56%
with
56%
past
53%
want
53%
at
50%
breath
50%
hear
50%
Oh
50%
out
50%
what
50%
comin'
47%
eyed
47%
kiss
47%
mouth
47%
soft
47%
wide
47%
Yeah
47%
bad
44%
coffee
44%
couch
44%
Drunk
44%
friends
44%
get
44%
had
44%
just
44%
lies
44%
man
44%
now
44%
Now
44%
over
44%
went
44%
wrong
44%
act
41%
'cause
41%
cigarette
41%
cried
41%
down
41%
fuckin'
41%
grins
41%
ignorin'
41%
open
41%
Promises
41%
real
41%
sleeping
41%
spoken
41%
won't
41%
amber
38%
believed
38%
clouds
38%
deserved
38%
feelings
38%
find
38%
gaslighted
38%
losing
38%
making
38%
Maple
38%
smell
38%
taste
38%
there's
38%
thick
38%
thinkin'
38%
town
38%
worst
38%
around
34%
Come
34%
reason
34%
space
34%
sweeter
34%
cool
31%
grounds
31%
heard
31%
house
31%
longer
31%
nights
31%
'til
31%
Ooh
22%
No matching quizzes found
Score Distribution
Percent of People with Each Score
Percentile by Number Answered
Your Score History
You have not taken this quiz